Tiếng anh văn phòng và giao tiếp thương mại

Guardat en:
Dades bibliogràfiques
Autor principal: Dean, Susan
Format: Llibre
Idioma:Undetermined
Publicat: Thành phố Hồ Chí Minh Trẻ 2003
Matèries:
Etiquetes: Afegir etiqueta
Sense etiquetes, Sigues el primer a etiquetar aquest registre!
Thư viện lưu trữ: Trung tâm Học liệu Trường Đại học Cần Thơ
LEADER 00559nam a2200193Ia 4500
001 CTU_79758
008 210402s9999 xx 000 0 und d
082 |a 428.24 
082 |b D281 
100 |a Dean, Susan 
245 0 |a Tiếng anh văn phòng và giao tiếp thương mại 
245 0 |c Susan Dean 
260 |a Thành phố Hồ Chí Minh 
260 |b Trẻ 
260 |c 2003 
650 |a English language,English language 
650 |x Spoken English 
904 |i Năm 
980 |a Trung tâm Học liệu Trường Đại học Cần Thơ